| 000 | 00757nam a2200205 a 4500 | ||
|---|---|---|---|
| 005 | 20140123115444.0 | ||
| 008 | 131112b2004 ck ||||| |||| 00| 0 spa d | ||
| 041 | _aspa | ||
| 044 | _ack | ||
| 090 |
_aIAVH _b00348 |
||
| 100 |
_aDíaz Manzano, Diego Mauricio _9596 |
||
| 245 | _aCaracterización del uso, aprovechamiento y manejo de recursos de biodiversidad en la región del municipio de Ráquira, Boyacá | ||
| 260 |
_aVilla de Leyva _bInstituto de Investigación de Recursos Biológicos Alexander von Humboldt _c2004 |
||
| 300 |
_a38 p. _bil. _c28 cm. |
||
| 650 |
_aBiodiversidad _xUsos y aprovechamiento _92484 |
||
| 650 |
_aRecursos Naturales _94872 |
||
| 662 |
_aColombia _bBoyacá _cRáquira (Municipio) |
||
| 942 |
_cImpreso _2z |
||
| 945 | _d2005-06-13 | ||
| 999 |
_c4545 _d4545 |
||